| 000 | 00596nam a22001937a 4500 | ||
|---|---|---|---|
| 999 |
_c170818 _d170818 |
||
| 005 | 20191226151842.0 | ||
| 010 | _aA-603669 | ||
| 020 |
_c15.00 _a- |
||
| 035 | _aA-603669 | ||
| 037 | _bBPPD | ||
| 082 | _a840 | ||
| 100 | _aفہمید ہ بيگم | ||
| 245 |
_aفکر و تحقيق _cفہمید ہ بيگم |
||
| 246 |
_aFikr-o-Tehqeeq (Urdu) _bby Fehmida Begum |
||
| 260 |
_aN.Delhi _c1990 ء _bDr.Fehmida begum.Director Taraqui Urdu Beoro |
||
| 270 |
_aWest Block1,R.K.Puram, _bNew Delhi _k- _e110066 |
||
| 300 |
_a156 ص _c22 cm(hb) |
||
| 942 |
_2ddc _cUR _h840 _mف ک ر |
||